MARC

LEADER 00000nam0a2200000 4500
001 37357
005 20231101210427.0
010 |a 5279017728 
035 |a (RuTPU)RU\TPU\book\37934 
090 |a 37357 
100 |a 20020114d2001 m y0rusy50 ca 
101 0 |a rus 
102 |a RU 
105 |a y j 011zy 
200 1 |a Биржевое дело  |e учебник для вузов  |f Российская экономическая академия; Под ред. В. А. Галанова, А. И. Басова 
210 |a Москва  |c Финансы и статистика  |d 2001 
215 |a 304 с.  |c ил. 
300 |a К 90-летию высшего финансового образования 
320 |a Словарь биржевых терм.: с. 294-300. 
320 |a Ведущие биржи мира: с. 259-283. 
320 |a Российские биржи: с. 284-285. 
606 1 |a Биржевое дело  |2 stltpush  |3 (RuTPU)RU\TPU\subj\35922  |9 57471 
610 1 |a экономика 
610 1 |a финансы 
610 1 |a биржи 
610 1 |a биржевое дело 
610 1 |a управление 
610 1 |a биржевая торговля 
610 1 |a рынок 
610 1 |a ценные бумаги 
610 1 |a биржевая торговля 
610 1 |a биржевые сделки 
610 1 |a клиринг 
610 1 |a котировка 
610 1 |a аукционы 
610 1 |a фиксинг 
610 1 |a компьютеризация 
610 1 |a фьючерсная торговля 
610 1 |a опционная торговля 
610 1 |a мировые биржи 
610 1 |a российские биржи 
610 1 |a риски 
610 1 |a учебники 
686 |a У9(2)262.293я73  |v LBC/SL-A  |2 rubbk 
702 1 |a Галанов  |b В. А.  |g Владимир Александрович  |4 340 
702 1 |a Басов  |b А. И.  |g Александр Иванович  |4 340 
712 0 2 |a Российская экономическая академия 
801 1 |a RU  |b 63413507  |c 20020114  |g PSBO 
801 2 |a RU  |b 63413507  |c 20210614  |g PSBO 
942 |c BK